000 03591nam a22003137i 4500
001 TCPA 66
003 gtcocun
005 20250908223011.0
006 a||||gr|||| 00| 0
008 250908b2018 gt ||||| m||| 00| 0 eng d
040 _agtcocun
_bSPA
_cgtcocun
_eRDA
041 _aSPA
084 _0TCPA 66
100 _aSierra Leal, Cyntia Fabiola
_eAutor
245 _aInforme final del Ejercicio Profesional Supervisado, realizado en Estación Cerro Lindo, S.A., ubicada en Cobán, Alta Verapaz/
_cCyntia Fabiola Sierra Leal
_hImpreso
264 _aCobán, Alta Verapaz:
_bUniversidad de San Carlos de Guatemala, Centro Universitario del Norte, Licenciatura en Contaduría Pública y Auditoría.
_c2018
300 _a65 p.:
_bIlustraciones, gráficas.
_c28 cm; PDF
336 _2rdacontenido
_aTexto
_btxt
337 _2rdamedio
_aComputadora
_bn
338 _2rdasoporte
_aCódigo en línea
_bcr
502 _e.
502 _aTesis de grado
_bLicenciatura en Contaduría Pública y Auditoría.
_cUniversidad de San Carlos de Guatemala, Centro Universitario del Norte, Licenciatura en Contaduría Pública y Auditoría.
_d2018
_oTCPA 66
520 1 4 _aLa Universidad de San Carlos de Guatemala, a través del Centro Universitario del Norte –CUNOR- y la carrera de Contaduría Pública y Auditoría, como parte del proceso de graduación, considera el presente informe final del ejercicio profesional supervisado realizado en la empresa Estación Cerro Lindo, que se encuentra ubicada kilómetro 20 de la carretera que de Cobán conduce a Chisec, localizada en la Aldea Cerro Lindo, Cobán, Alta Verapaz. La empresa surgió con el propósito fundamental de abastecer al departamento de Alta Verapaz, especialmente al municipio de Cobán y Chisec, así como lugares aledaños, del servicio de venta de combustible, super, regular, diésel, kerosina, lubricantes, accesorios y servicio de lavado. El ejercicio profesional supervisado se desarrolló en varias etapas, iniciando con el diagnóstico a la empresa, en el que se determinaron las deficiencias de la empresa y que se jerarquizaron de acuerdo a su importancia. Posteriormente se plantearon las posibles soluciones en el respectivo plan de trabajo, para luego realizar la etapa de ejecución en la que se desarrollaron cada una de las actividades diagnosticadas. En la etapa de ejecución se realizó la reestructuración contable en la que se plantearon las correcciones necesarias para los períodos del 2013 al 2015. Además se desarrolló la auditoría fiscal de los periodos contables del 2013 al 2015 para determinar la correcta presentación del impuesto al valor agregado, impuesto sobre la renta trimestral y anual, impuesto de solidaridad, obteniendo como resultado las rectificaciones y la presentación de las declaraciones de impuestos omitidos con el fin de evitar sanciones por parte de la Superintendencia de Administración Tributaria –SAT-. Se elaboró un manual contable para la empresa con lo que se contribuye a mejorar los controles internos asegurando eficiencia en los procedimientos contables y asegurar con ello que la información contable sea la correcta. La última parte de este trabajo incluye las correspondientes conclusiones y recomendaciones del Ejercicio Profesional Supervisado.
650 1 4 _2LEMB
_aCobán, Alta Verapaz
_xreestructuración
_xauditoría fiscal
_xmanual contable
700 _aLic. Teófilo Remigio Caal Barrientos
_eAsesor
856 _yPDF
_zUn ejemplar en línea.
942 _2ddc
_cTES
_iTCPA_66
_kClasificación
_n0
_6TCPA__66
999 _c1764
_d1764